LEADER 01386cas 2200421 4500 001 990000333560203316 005 20120314153104.0 011 $a1050-5164 035 $a0033356 035 $aUSA010033356 035 $a(ALEPH)000033356USA01 035 $a0033356 100 $a20010202d1991----km-y0ENGy0103----ba 101 $aeng 102 $aUS 110 $aahazz--|||| 200 1 $a<> Annals of applied probability$fInstitute of Mathematical Statistics 207 1$aA.1, n.1(1991)- 210 $aHayward$cThe Institute of Mathematical Statistics$d1991- 215 $av.$cill.$d26 cm 326 $aTrimestrale 606 0$aProbabilitŕ$xPeriodici$2BNCF 676 $a519.205 712 02$aInstitute of Mathematical Statistics 801 0$aIT$bsalbc$gISBD 856 4$uhttp://www.jstor.org/journals/10505164.html$4.$zOnline da workstation autorizzate 912 $a990000333560203316 958 $aSCI$bPER II$c1991-1992; 1994-2010; 959 $aSE 979 $aPATTY$b90$c20010202$lUSA01$h1348 979 $c20020403$lUSA01$h1641 979 $aPATRY$b90$c20040406$lUSA01$h1623 979 $aCIANATIEMP$b90$c20110113$lUSA01$h1252 979 $aCIANATIEMP$b90$c20110126$lUSA01$h1349 979 $aCIANATIEMP$b90$c20110207$lUSA01$h1057 979 $aANGELA$b90$c20120314$lUSA01$h1531 996 $aAnnals of applied probability$9801005 997 $aUNISA LEADER 00488oam 2200193z- 450 001 996212622703316 035 $a(MiAaPQ)25461 035 $a(CKB)1000000000290215 035 $a(EXLCZ)991000000000290215 100 $a20220726cuuuuuuuu -u- - 101 0 $aeng 200 00$aATM & Debit News 210 $cSourceMedia 517 $aATM and Debit News 531 $aATM AND DEBIT NEWS 906 $aDOCUMENT 912 $a996212622703316 996 $aATM & Debit News$92236912 997 $aUNISA LEADER 03590oam 2200625 c 450 001 9910960936103321 005 20260302090207.0 010 $a3-8382-7533-0 024 3 $a9783838275338 035 $a(CKB)4100000011976439 035 $a(MiAaPQ)EBC6661486 035 $a(Au-PeEL)EBL6661486 035 $a(OCoLC)1259588403 035 $a(ibidem)9783838275338 035 $a(EXLCZ)994100000011976439 100 $a20260302d2021 uy 0 101 0 $aeng 135 $aurcz#---auuuu 181 $ctxt$2rdacontent 182 $cc$2rdamedia 183 $acr$2rdacarrier 200 10$aFalse Mirrors: The Weaponization of Social Media in Russia?s Operation to Annex Crimea /$fAndrey Demartino, Andreas Umland, Oleksiy Danilov 205 $a1st ed. 210 $aHannover$cibidem$d2021 215 $a1 online resource (153 pages) 225 0 $aUkrainian Voices$v13 320 $aIncludes bibliographical references. 327 $aIntro -- Foreword -- Abstract -- Introduction -- 1. Background -- 1.1. Articles, News Items, Blogs -- 1.2. Western Studies -- 1.3. Ukrainian Studies -- 1.4. The "Ideological Problem" of Russian Historiography -- 2. The Crimean Internet in Figures: 2011-2014 -- 3. The Russian "Information Warfare Machine". The Main Actors -- 4. Russia's Activity. The Channels of Information Influence (October-December 2013) -- 4.1. Internet Forums -- 4.2. The GRU and Facebook -- 4.3. The Twitter of "Crimean Events" -- 4.4. The Blocking of Facebook -- 4.5. The Nationwide Anti-Ukrainian Campaign in Russia: The Crimean Dimension -- 5. The Ukrainian Response. Countermeasures Against Foreign Information Influence -- Conclusions -- References -- Appendix -- Short Biography of the Author. 330 $aIn his timely study, Andrii Demartino investigates the multitude of techniques how social media can be used to advance an aggressive foreign policy, as exemplified by the Russian Federation?s operation to annex Crimea in 2014. Drawing on a wide range of sources, Demartino traces the implementation of a series of Russian measures to create channels and organisations manipulating public opinion in the Ukrainian segment of the internet and on platforms such as Facebook, VKontakte, Odnoklassniki, LiveJournal, and Twitter. Addressing the pertinent question of how much the operation to annex Crimea was either improvised or planned, he draws attention to Russia?s ad-hoc actions in the sphere of social media in 2014. Based on an in-depth analysis of the methods of Russia?s influence operations, the book proposes a number of counterstrategies to prevent such ?active measures.? These propositions can serve to improve Ukraine?s national information policy as well as help to develop adequate security concepts of other states. 410 0$aUkrainian voices (Stuttgart, Germany) ;$v13. 606 $aUkraine 606 $aSocial Media 606 $aSoziale Medien 606 $aRussian Federation 606 $aRussische Föderation 606 $aAnnex Crimea 606 $aAnnexion Krim 615 4$aUkraine 615 4$aSocial Media 615 4$aSoziale Medien 615 4$aRussian Federation 615 4$aRussische Föderation 615 4$aAnnex Crimea 615 4$aAnnexion Krim 676 $a355.41 700 $aDemartino$b Andrey$4aut$01603414 702 $aUmland$b Andreas$4edt 702 $aDanilov$b Oleksiy$4aui 801 0$bMiAaPQ 801 1$bMiAaPQ 801 2$bMiAaPQ 906 $aBOOK 912 $a9910960936103321 996 $aFalse mirrors$93927779 997 $aUNINA